000
00337 a2200157 4500
001
17532
020
_a
9788572081771
040
_c
Anchieta - Bela Vista
100
_a
Orthof, Sylvia
240
1
0
_a
Ovos nevados
_l
por
245
1
0
_a
Ovos nevados
300
_a
20
362
0
_a
2014
650
4
_a
Literatura infanto-juvenil
942
_c
BK
999
_c
17532
_d
17532